Statystyki dla Wszystkie kluby premier leauge w sezonie 2018/2019

Kliknij tutaj aby rozwiązać quiz!

Ogólne statystyki

  • Ten quiz został rozwiązany 488 razy
  • Średni wynik to 16 z 20

Statystyki odpowiedzi

Klub% Poprawnych
Manchester City
100%
Manchester United
100%
Arsenal
98%
Chelsea
98%
Liverpool
98%
Tottenham
95%
West Ham
86%
Everton
82%
Leicester
82%
Southampton
77%
Wolverhampton
75%
Brighton
66%
Fulham
65%
Crystal Palace
63%
Newcastle
63%
Watford
63%
Burnley
62%
Cardiff City
62%
Huddersfield
62%
Bournemouth
59%

Rozkład punktacji

Percentyl według liczby udzielonych odpowiedzi

Procent ludzi z każdym wynikiem

Twoja historia wyników

Nie rozwiązałeś tego quizu